[Event "Let's Play Chess!"]
[Site "http://www.queenalice.com/game.php?id=779302"]
[Date "2010.5.22"]
[Round "-"]
[White "digger"]
[Black "ifrozeup"]
[Result "0-1"]
[WhiteElo "1637"]
[BlackElo "1656"]

1. e4 e5 2. c4 Nc6 3. Nf3 Nf6 4. b3 Nxe4 5. Qe2 f5 6. d3 Bb4+ 7. Bd2 Nxd2 8.
Nbxd2 Qe7 9. a3 Bc3 10. Ra2 e4 11. dxe4 fxe4 12. Rc2 Bxd2+ 13. Nxd2 Nd4 14. Qd1
e3 15. fxe3 Qxe3+ 16. Be2 d5 17. h3 Bf5 18. Rc1 Bd3 19. Rc3 Qg3+ 20. Kf1 O-O+
21. Kg1 Nxe2+ 22. Qxe2 Rae8 23. Qxd3 Re1+ 24. Nf1 d4 25. Qxg3 Rfxf1+ 26. Kh2
Rxh1# 0-1

[Event "Let's Play Chess!"]
[Site "http://www.queenalice.com/game.php?id=779303"]
[Date "2010.5.22"]
[Round "-"]
[White "ifrozeup"]
[Black "brindleleaf"]
[Result "0-1"]
[WhiteElo "1754"]
[BlackElo "1841"]

1. e4 g6 2. Nc3 Bg7 3. Nf3 d6 4. d4 a6 5. d5 c5 6. dxc6 Nxc6 7. a3 Bg4 8. h3
Bxf3 9. gxf3 Qa5 10. Bd2 Qh5 11. Bg2 e6 12. f4 Qh4 13. Qg4 Qd8 14. O-O Nf6 15.
Qh4 O-O 16. Rfe1 Nd7 17. Qg5 Qc7 18. Qg3 Rac8 19. f5 Nde5 20. Bg5 h6 21. Bf4 g5
22. f6 Bxf6 23. h4 Ng6 24. Bxd6 Qb6 25. hxg5 Bxg5 26. Na4 Qd4 27. Rad1 Qxa4 28.
b3 Qa5 29. b4 Qb6 30. Bc5 Qb5 31. Bf1 Qa4 32. c4 Rfd8 33. Be2 Bf4 34. Qc3 Nce5
35. Bb6 Rxd1 36. Bxd1 Qd7 37. Rf1 Rxc4 38. Qh3 Rxe4 39. Be3 Qd5 40. Bxf4 Rxf4
41. Qg2 Nf3+ 42. Bxf3 Rxf3 0-1

[Event "tv"]
[Site "http://www.queenalice.com/game.php?id=786470"]
[Date "2010.6.6"]
[Round "-"]
[White "ifrozeup"]
[Black "BGNJoe"]
[Result "1/2-1/2"]
[WhiteElo "1684"]
[BlackElo "1792"]

1. Nf3 d5 2. d4 Nf6 3. Nc3 Bf5 4. Bf4 a6 5. e3 e6 6. Ne5 Nbd7 7. g4 Bg6 8. h4
Nxe5 9. dxe5 d4 10. Qxd4 Nd5 11. O-O-O h6 12. h5 Bh7 13. Nxd5 exd5 14. c4 c6 15.
Bd3 dxc4 16. Qxc4 Bxd3 17. Rxd3 Qc8 18. Rhd1 Qe6 19. b3 Qxc4+ 20. bxc4 b5 21.
Rd7 Ba3+ 22. Kc2 O-O 23. R1d3 Bb4 24. Kb3 a5 25. e6 fxe6 26. Be5 Rf7 27. Rxf7
Kxf7 28. Rd7+ Be7 29. cxb5 cxb5 30. Rb7 a4+ 31. Kc3 b4+ 32. Rxb4 Bxb4+ 33. Kxb4
g6 1/2-1/2

[Event "AUTO-INT-1623"]
[Site "http://www.queenalice.com/game.php?id=796469"]
[Date "2010.6.29"]
[Round "2"]
[White "ifrozeup"]
[Black "limone_br"]
[Result "1-0"]
[WhiteElo "1742"]
[BlackElo "1653"]

1. g4 d5 2. g5 g6 3. Bg2 e6 4. Nf3 c5 5. Nc3 d4 6. Ne4 f5 7. gxf6 Nxf6 8. Nxf6+
Qxf6 9. d3 e5 10. Bg5 Qf5 11. c3 Nc6 12. e3 h6 13. Bh4 g5 14. Bg3 h5 15. exd4
cxd4 16. Qe2 Be7 17. Nxe5 Nxe5 18. Bxe5 Rh7 19. Be4 Qxe5 20. Bg6+ Kf8 21. Qxe5
Rg7 22. Bxh5 Kg8 23. Qd5+ Kh8 24. Qxd4 Kh7 25. h4 gxh4 26. O-O-O Bg5+ 27. f4 Bh6
28. Rdg1 Rd7 29. Qe4+ Kh8 30. Qe8+ Kh7 31. Bg6+ Kg7 32. Be4+ Kf6 33. Rg6# 1-0

[Event "AUTO-INT-1623"]
[Site "http://www.queenalice.com/game.php?id=796470"]
[Date "2010.6.29"]
[Round "2"]
[White "limone_br"]
[Black "ifrozeup"]
[Result "0-1"]
[WhiteElo "1666"]
[BlackElo "1729"]

1. d4 d5 2. c4 dxc4 3. Nc3 Nc6 4. e3 e6 5. Bxc4 Nf6 6. Nf3 a6 7. a3 b5 8. Bd3
Be7 9. Qc2 Bb7 10. O-O g6 11. Nh4 e5 12. d5 Nxd5 13. Nxd5 Qxd5 14. Be4 Qe6 15.
b4 Bxh4 16. Bb2 O-O-O 17. Rac1 Rd6 18. f4 f5 19. Bd3 Rhd8 20. Rfd1 exf4 21. exf4
Qe3+ 22. Kf1 Rxd3 23. g3 Qf3+ 24. Kg1 Rxd1+ 25. Rxd1 Rxd1+ 26. Qxd1 Qxd1+ 27.
Kg2 Nd4+ 28. Kh3 Nf3 29. Bd4 Qf1# 0-1

[Event "AUTO-INT-1623"]
[Site "http://www.queenalice.com/game.php?id=796473"]
[Date "2010.6.29"]
[Round "2"]
[White "ifrozeup"]
[Black "sandromm"]
[Result "1-0"]
[WhiteElo "1688"]
[BlackElo "1801"]

1. e4 c5 2. Nc3 e5 3. Nf3 d6 4. Bc4 Nf6 5. Ng5 Be6 6. Nxe6 fxe6 7. Bxe6 Qe7 8.
Bd5 Nbd7 9. O-O Nxd5 10. exd5 Nf6 11. d3 h6 12. f4 O-O-O 13. a4 Qf7 14. fxe5
dxe5 15. Rf5 Qg6 16. Qf3 Bd6 17. Bd2 Rhf8 18. Rf1 Qf7 19. Bxh6 gxh6 20. Rxf6
Qxf6 21. Qg4+ Kc7 22. Rxf6 Rxf6 23. Qg7+ Kb6 24. Qxf6 Ka5 25. Qxd8+ b6 26. Qxd6
1-0

[Event "AUTO-INT-1623"]
[Site "http://www.queenalice.com/game.php?id=796474"]
[Date "2010.6.29"]
[Round "2"]
[White "sandromm"]
[Black "ifrozeup"]
[Result "0-1"]
[WhiteElo "1713"]
[BlackElo "1711"]

1. e4 e5 2. Nf3 Nc6 3. Bb5 a6 4. Ba4 b5 5. Bb3 Nf6 6. c3 Nxe4 7. O-O d5 8. d3
Nf6 9. Bg5 h6 10. Bh4 Be6 11. Nbd2 g5 12. Bg3 Bg4 13. Qe1 Bd6 14. h3 Bxf3 15.
Nxf3 e4 16. dxe4 dxe4 17. Bxd6 Qxd6 18. Nd4 Nxd4 19. cxd4 O-O 20. Qc3 Rad8 21.
Rad1 Rd7 22. d5 Re8 23. Qc6 Kg7 24. Qxd6 Rxd6 25. Bc2 Nxd5 26. Bb3 Nf4 27. Rxd6
cxd6 28. a4 bxa4 29. Bxa4 Rc8 30. g3 Nd3 31. b3 a5 32. Bd7 Rc3 33. Bf5 d5 34.
Rb1 Rc2 35. Rf1 Kf6 36. Bd7 d4 37. Bb5 Nc1 38. Bc4 d3 39. Rd1 d2 40. Kg2 Na2 41.
b4 Nc3 42. Rf1 d1=Q 43. Rxd1 Nxd1 44. bxa5 Rxc4 45. a6 Ra4 46. Kf1 Rxa6 47. Ke1
Nb2 48. Ke2 Ra3 49. h4 g4 0-1

[Event "AUTO-ADV-1903"]
[Site "http://www.queenalice.com/game.php?id=832826"]
[Date "2010.9.14"]
[Round "1"]
[White "ifrozeup"]
[Black "pacou93"]
[Result "1/2-1/2"]
[WhiteElo "1799"]
[BlackElo "1726"]

1. Nc3 c5 2. d4 cxd4 3. Qxd4 Nc6 4. Qe4 Nf6 5. Qa4 d5 6. Nf3 Bd7 7. Qf4 e6 8.
Bd2 Be7 9. e4 dxe4 10. Nxe4 Nxe4 11. Qxe4 O-O 12. Bd3 f5 13. Qe2 Nb4 14. Bxb4
Bxb4+ 15. c3 Be7 16. b4 a6 17. a4 Bf6 18. Nd4 Bxd4 19. cxd4 b5 20. a5 Qe8 21.
Rc1 Rc8 22. Rc5 Rxc5 23. dxc5 Bc6 24. O-O g6 1/2-1/2

[Event "AUTO-ADV-1903"]
[Site "http://www.queenalice.com/game.php?id=832827"]
[Date "2010.9.14"]
[Round "1"]
[White "pacou93"]
[Black "ifrozeup"]
[Result "0-1"]
[WhiteElo "1738"]
[BlackElo "1785"]

1. e4 e5 2. Nf3 d6 3. d4 Nf6 4. Nc3 exd4 5. Nxd4 Be7 6. Be2 O-O 7. O-O c5 8. Bf3
cxd4 9. Qxd4 Nc6 10. Qd3 Ne5 11. Qe3 Nxf3+ 12. Qxf3 Bg4 13. Qe3 Qa5 14. f3 Be6
15. b3 d5 16. Bb2 Bc5 0-1

[Event "AUTO-ADV-1903"]
[Site "http://www.queenalice.com/game.php?id=832828"]
[Date "2010.9.14"]
[Round "1"]
[White "ifrozeup"]
[Black "reynegro64"]
[Result "1-0"]
[WhiteElo "1804"]
[BlackElo "1573"]

1. Nc3 d5 2. e4 c6 3. d4 dxe4 4. Nxe4 Bf5 5. Ng3 Bg6 6. h4 h6 7. Nf3 Nd7 8. h5
Bh7 9. Bd3 Bxd3 10. Qxd3 Qc7 11. Rh4 Ngf6 12. Bf4 Qb6 13. O-O-O e6 14. Ne5 Be7
15. Nxd7 Nxd7 16. Rg4 Bf6 17. Bd6 O-O-O 18. Ne4 Rhg8 19. Nxf6 Nxf6 20. Bc5 Qxc5
21. dxc5 1-0

[Event "AUTO-ADV-1903"]
[Site "http://www.queenalice.com/game.php?id=832829"]
[Date "2010.9.14"]
[Round "1"]
[White "reynegro64"]
[Black "ifrozeup"]
[Result "0-1"]
[WhiteElo "1589"]
[BlackElo "1796"]

1. e4 e5 2. Nf3 Nc6 3. Bb5 a6 4. Bxc6 dxc6 5. O-O f6 6. d4 Bg4 7. dxe5 Qxd1 8.
Rxd1 fxe5 9. Rd3 Bd6 10. h3 Bxf3 11. Rxf3 Nf6 12. Nc3 h6 13. Be3 Rd8 14. Rd1 Bb4
15. Rxd8+ Kxd8 16. Rf5 Bxc3 17. bxc3 Nxe4 18. Rxe5 Nxc3 19. Bd4 Nb5 0-1

[Event "AUTO-ADV-1903"]
[Site "http://www.queenalice.com/game.php?id=832830"]
[Date "2010.9.14"]
[Round "1"]
[White "ifrozeup"]
[Black "massimo"]
[Result "1-0"]
[WhiteElo "1754"]
[BlackElo "1726"]

1. Nf3 d6 2. Nc3 Bg4 3. h3 Bxf3 4. exf3 Nf6 5. g4 e5 6. d4 exd4 7. Qxd4 Be7 8.
g5 Nh5 9. Be3 O-O 10. f4 Nc6 11. Qc4 Na5 12. Qa4 c6 13. b4 b5 14. Qxa5 Qxa5 15.
bxa5 a6 16. Be2 g6 17. Bxh5 gxh5 18. O-O-O f6 19. gxf6 Rxf6 20. Ne4 Rg6 21. f5
Rg2 22. Nxd6 Rd8 23. Rhg1 Rxg1 24. Rxg1+ Bg5 25. Rxg5+ Kf8 26. Bc5 1-0

[Event "AUTO-ADV-1903"]
[Site "http://www.queenalice.com/game.php?id=832831"]
[Date "2010.9.14"]
[Round "1"]
[White "massimo"]
[Black "ifrozeup"]
[Result "0-1"]
[WhiteElo "1780"]
[BlackElo "1769"]

1. e4 e5 2. Nf3 Nf6 3. d3 Nc6 4. Nc3 d5 5. Bg5 h6 6. Bh4 d4 7. Bxf6 gxf6 8. Nd5
Be6 9. c4 dxc3 10. bxc3 Bxd5 11. exd5 Qxd5 12. Be2 O-O-O 13. O-O Bc5 14. Nh4
Rhg8 15. Bf3 Qxd3 16. Qxd3 Rxd3 17. Bxc6 bxc6 18. c4 Rg4 19. Nf5 Rd2 20. g3 Rxc4
21. Nxh6 Re2 22. Nxf7 Rcc2 23. Rad1 Rxf2 24. Rd8+ Kb7 25. Rb1+ Ka6 26. Rdd1 Rg2+
27. Kf1 Rg1# 0-1

[Event "Challenge"]
[Site "http://www.queenalice.com/game.php?id=850900"]
[Date "2010.10.26"]
[Round "-"]
[White "ORNELAS"]
[Black "ifrozeup"]
[Result "0-1"]
[WhiteElo "1596"]
[BlackElo "1811"]

1. b3 d5 2. Ba3 Nf6 3. d4 Nc6 4. Nf3 Bf5 5. Nbd2 Qd7 6. c3 Ne4 7. Rc1 g6 8. Nh4
Be6 9. Ndf3 g5 10. Nxg5 Nxg5 11. g3 Bg7 12. Bg2 O-O 13. O-O b5 14. Rc2 Nh3+ 15.
Bxh3 Bxh3 16. Ng2 a5 17. e3 b4 18. Bc1 Bf5 19. Re2 bxc3 20. Ba3 Nb4 21. Bxb4
axb4 22. Nh4 Bh3 23. Ng2 Ra7 24. Rfe1 Rfa8 25. Nf4 Bg4 26. a4 bxa3 27. Qa1 Bxe2
28. Rxe2 a2 29. Nd3 Qf5 30. Nc1 Qb1 31. Qxb1 axb1=Q 32. Re1 Qc2 33. Kg2 Ra1 34.
Rf1 Rxc1 35. Rxc1 Qxc1 36. b4 Ra1 37. Kh3 Qf1+ 38. Kg4 c2 39. h4 c1=Q 40. Kf3
Ra6 41. h5 Rf6+ 42. Kg4 Qcd1+ 43. Kh4 Qxf2 44. e4 Qdxd4 45. Kg4 Qxe4+ 46. Kh3
Qfg2# 0-1

[Event "Let's Play Chess!"]
[Site "http://www.queenalice.com/game.php?id=873350"]
[Date "2010.12.18"]
[Round "-"]
[White "ifrozeup"]
[Black "oscarpov"]
[Result "1-0"]
[WhiteElo "1837"]
[BlackElo "1946"]

1. e4 c6 2. d4 d5 3. f3 e6 4. Nc3 dxe4 5. fxe4 Bb4 6. a3 Ba5 7. b4 Bb6 8. Nf3
Nf6 9. e5 Nd5 10. Na4 Nd7 11. c4 Nc7 12. c5 Bxc5 13. Nxc5 b6 14. Ne4 O-O 15. Nd6
Ne8 16. Bg5 f6 17. Bh4 Nxd6 18. exd6 Bb7 19. Bc4 Qe8 20. O-O Rd8 21. Re1 Kh8 22.
Rxe6 Qf7 23. Rc1 c5 24. d5 a6 25. Re7 Qh5 26. Bg3 Rfe8 27. b5 a5 28. Qd3 Rxe7
29. dxe7 Re8 30. d6 Bxf3 31. Qxf3 Qg5 32. Re1 Qg6 33. Bd3 Qf7 34. Qf5 1-0

[Event "Challenge"]
[Site "http://www.queenalice.com/game.php?id=877960"]
[Date "2010.12.28"]
[Round "-"]
[White "ifrozeup"]
[Black "SionAstal"]
[Result "1-0"]
[WhiteElo "1857"]
[BlackElo "1267"]

1. e4 c5 2. d4 cxd4 3. Qxd4 Nc6 4. Qd3 e6 5. c3 Bc5 6. b4 Bb6 7. Qg3 Qf6 8. Bg5
Qg6 9. Nd2 Nge7 10. Ngf3 f6 11. Be3 1-0